<?xml version="1.0" encoding="utf-8"?>
<?xml-stylesheet type='text/xsl' href='./oai2.xsl'?>
<OAI-PMH xmlns="http://www.openarchives.org/OAI/2.0/" xmlns:xsi="http://www.w3.org/2001/XMLSchema-instance" xsi:schemaLocation="http://www.openarchives.org/OAI/2.0/ http://www.openarchives.org/OAI/2.0/OAI-PMH.xsd">
  <responseDate>2026-05-15T20:06:32Z</responseDate>
  <request verb="GetRecord" metadataPrefix="marcxml" identifier="record_kuniweb_21941">https://kulturerbe.niedersachsen.de/oai</request>
  <GetRecord>
    <record>
      <header>
        <identifier>record_kuniweb_21941</identifier>
        <datestamp>2015-06-19T12:07:43Z</datestamp>
        <setSpec>slg0103</setSpec>
      </header>
      <metadata>
        <marc:record xmlns:marc="http://www.loc.gov/MARC21/slim" xsi:schemaLocation="http://www.loc.gov/MARC21/slim http://www.loc.gov/standards/marcxml/schema/MARC21slim.xsd">
          <marc:leader>12345nem  22     uu 4500</marc:leader>
          <marc:controlfield tag="001">21941</marc:controlfield>
          <marc:controlfield tag="003">http://kuniweb.gbv.de</marc:controlfield>
          <marc:controlfield tag="005">2015-04-14T14:50:37</marc:controlfield>
          <marc:controlfield tag="008">|           ||||||||||||||||||||||</marc:controlfield>
          <marc:datafield tag="245" ind1="1" ind2="0">
            <marc:subfield code="a">Saxonia inferior et Meklenborg Duc(atus)</marc:subfield>
          </marc:datafield>
          <marc:datafield tag="700" ind1="1" ind2=" ">
            <marc:subfield code="a">Mercator</marc:subfield>
            <marc:subfield code="d">* 1565 † 1656</marc:subfield>
            <marc:subfield code="e">Zeichner</marc:subfield>
          </marc:datafield>
          <marc:datafield tag="655" ind1=" " ind2="7">
            <marc:subfield code="a">Karten</marc:subfield>
          </marc:datafield>
          <marc:datafield tag="046" ind1=" " ind2=" ">
            <marc:subfield code="k">1585</marc:subfield>
            <marc:subfield code="k">Jahr der Erstveröffentlichung 1585</marc:subfield>
          </marc:datafield>
          <marc:datafield tag="260" ind1=" " ind2=" ">
            <marc:subfield code="g">1585</marc:subfield>
            <marc:subfield code="g">Jahr der Erstveröffentlichung 1585</marc:subfield>
          </marc:datafield>
          <marc:datafield tag="300" ind1=" " ind2=" ">
            <marc:subfield code="a">Höhe: 34 cm
Breite: 44,5 cm</marc:subfield>
          </marc:datafield>
          <marc:datafield tag="520" ind1=" " ind2=" ">
            <marc:subfield code="a">Maßstäbe (in cm): 4 gewöhnliche deutsche Meilen = 4,2
Ausrichtung: Norden
Rückseite: auf der rechten Blatthälfte knapp halbseitige Aufzählung der geistlichen und weltlichen Reichsstände sowie der Reichsstädte im Niedersächsischen Reichskreis, darunter Schmuckraute, Ordnungsmarkierung L

Anmerkungen: 
Die vorliegende Karte wurde gestochen von einem Mitglied der Familie Mercator. Sie ist die nördliche Fortsetzung der Braunschweig-Karte von Mercator (vgl. Karte Braunschweig 01). 

Veröffentlicht in:
als Blatt L in dem Atlas „Gallia - Belgia - Germania“, Teil Deutschland „Germaniae tabulae geographicae“ von Gerard Mercator, bei Gerard Mercator, Duisburg 1585

Literatur in Zusammenhang:
C. Koeman und Krogt, P. C. J. van der, „The folio atlases published by Gerard Mercator, Jodocus Hondius, Henricus Hondius, Johannes Janssonius and their successors. Koeman's atlantes Neerlandici ; Vol. 1“. HES, 't Goy-Houten, 1997. (S. 599, Nr. 2200:1A.1, 1:001/11)

Beschrieben in:
H. Wolff, „Vierhundert Jahre Mercator, vierhundert Jahre Atlas : "Die ganze Welt zwischen zwei Buchdeckeln" ; eine Geschichte der Atlanten ; [zum 400. Todestag Gerhard Mercators anläßlich einer Ausstellung der Bayerischen Staatsbibliothek vom 5. April 1995 bis 1. Juli 1995]. 400 Jahre Mercator, 400 Jahre Atlas. Ausstellungskataloge / Bayerische Staatsbibliothek ; 65“. Konrad, Weißenhorn, 1995. ((S. 30 bis 38), S. 30 ff. (32))</marc:subfield>
          </marc:datafield>
          <marc:datafield tag="650" ind1="1" ind2=" ">
            <marc:subfield code="a">Landkarte</marc:subfield>
          </marc:datafield>
          <marc:datafield tag="773" ind1="0" ind2=" ">
            <marc:subfield code="t">Sammlung Körber-Einbeck</marc:subfield>
          </marc:datafield>
          <marc:datafield tag="852" ind1=" " ind2=" ">
            <marc:subfield code="a">Institut für Historische Landesforschung der Universität Göttingen</marc:subfield>
          </marc:datafield>
          <marc:datafield tag="" ind1=" " ind2=" ">
            <marc:subfield code="a">Namensnennung-Nicht kommerziell 4.0 International (CC BY-NC 4.0))</marc:subfield>
          </marc:datafield>
        </marc:record>
      </metadata>
    </record>
  </GetRecord>
</OAI-PMH>
